00599 a2200157 45000010006000000050017000060080041000230030015000640400040000790800055001192450038001742640036002123000019002485050154002671000020004213147220260407155619.0260407a1975 arg spa dAR-UNSa-BCEJYS aAR-UNSa-BCEJYSbspacAR-UNSa-BCEJYS a658.012.32xFormas de organización, de gestión10aAdministración y organización 1aBuenos Aires :bEl Ateneoc1975 a367 p.c23 cm. a1. Introducción - 2. Los ambientes de la organización - 3. Filosofía del diseño - 4. Puesta en práctica de la filosofía - 5. Conclusión1 aHodge, Billy J.